[Event "NOR-chT Club"]
[Site "Bergen"]
[Date "2023.05.19"]
[Round "2.7"]
[White "Hagesaether, Arne"]
[Black "Kaasen, Tor Fredrik"]
[Result "0-1"]
[WhiteElo "1993"]
[BlackElo "2480"]
[PlyCount "82"]
[EventDate "2023.05.18"]
[EventType "team-swiss"]
[EventRounds "6"]
[EventCountry "NOR"]
[SourceTitle "CBM 214 Extra"]
[Source "ChessBase"]
[SourceDate "2023.07.31"]
[SourceVersion "1"]
[SourceVersionDate "2023.07.31"]
[SourceQuality "1"]
[WhiteTeam "Haugaland"]
[BlackTeam "Offerspill"]
[WhiteTeamCountry "NOR"]
[BlackTeamCountry "NOR"]

1. d4 Nf6 2. c4 e6 3. Nf3 d5 4. Nc3 dxc4 5. Bg5 a6 6. a4 c5 7. e3 cxd4 8. Qxd4 Qxd4 9. exd4 Bb4 10. Bxc4 Ne4 11. Rc1 Nxg5 12. Nxg5 Nc6 13. Nf3 Bd7 14. 0-0 Bxc3 15. Rxc3 Nb4 16. Ra1 Ke7 17. Ne5 Rhd8 18. f4 Be8 19. a5 Nc6 20. Rb3 Rab8 21. Nf3 Kf6 22. g3 g6 23. Rb6 Ne7 24. Ne5 Nc8 25. Rb3 Nd6 26. Rc1 Rbc8 27. Rbc3 Ne4 28. Rd3 Ke7 29. Re1 Nd6 30. Bb3 Bb5 31. Rc3 Rxc3 32. bxc3 Rc8 33. Rc1 Nf5 34. Nf3 Be2 35. Bd1 Bxd1 36. Rxd1 Rxc3 37. Ng5 Ra3 38. d5 Rxa5 39. dxe6 fxe6 40. Re1 Nd4 41. Re4 Rd5 0-1

[Event "Kragero op"]
[Site "Kragero"]
[Date "2023.02.25"]
[Round "8"]
[White "Hagesaether, Arne"]
[Black "Skaslien, Ingrid"]
[Result "1/2-1/2"]
[WhiteElo "2026"]
[BlackElo "1891"]
[PlyCount "101"]
[EventDate "2023.02.22"]
[EventType "swiss"]
[EventRounds "9"]
[EventCountry "NOR"]
[SourceTitle "CBM 212 Extra"]
[Source "ChessBase"]
[SourceDate "2023.03.31"]
[SourceVersion "1"]
[SourceVersionDate "2023.03.31"]
[SourceQuality "1"]

1. e4 c5 2. Nf3 d6 3. d4 cxd4 4. Nxd4 Nf6 5. Nc3 a6 6. Bg5 e6 7. Qd2 Be7 8. f3 0-0 9. h4 Qc7 10. 0-0-0 b5 11. Kb1 Nbd7 12. g4 Bb7 13. Bf4 Ne5 14. g5 Nh5 15. Bh2 g6 16. f4 Nc4 17. Qd3 b4 18. Qxc4 Qxc4 19. Bxc4 bxc3 20. Rhe1 Rab8 21. Bb3 cxb2 22. f5 e5 23. f6 Bd8 24. Nf3 Ba5 25. Re2 Bb4 26. Nd2 Nf4 27. Bxf4 exf4 28. Rf2 Rfe8 29. Kxb2 Bxe4 30. c3 Bc5 31. Rxf4 Bf5 32. Ra4 Bd3 33. Nc4 Re2+ 34. Ka1 Bxc4 35. Bxc4 Re3 36. Rxa6 Rxc3 37. Bb3 Rh3 38. Re1 Bd4+ 39. Kb1 h6 40. Rxd6 Bc3 41. Red1 Ba5 42. R1d5 Rh1+ 43. Kc2 Rh2+ 44. Kd1 Rh1+ 45. Ke2 Re8+ 46. Kf3 Bc7 47. Rd7 Rh3+ 48. Kg2 Rh2+ 49. Kf3 Rh3+ 50. Kg2 Rh2+ 51. Kf3 1/2-1/2

[Event "Kragero op"]
[Site "Kragero"]
[Date "2023.02.25"]
[Round "7"]
[White "Lye, Sigurd"]
[Black "Hagesaether, Arne"]
[Result "1-0"]
[WhiteElo "1958"]
[BlackElo "2026"]
[PlyCount "77"]
[EventDate "2023.02.22"]
[EventType "swiss"]
[EventRounds "9"]
[EventCountry "NOR"]
[SourceTitle "CBM 212 Extra"]
[Source "ChessBase"]
[SourceDate "2023.03.31"]
[SourceVersion "1"]
[SourceVersionDate "2023.03.31"]
[SourceQuality "1"]

1. e4 c6 2. d4 d5 3. exd5 cxd5 4. Bd3 Nf6 5. c3 a6 6. Bf4 Nc6 7. Nd2 g6 8. Ngf3 Nh5 9. Be5 Nxe5 10. Nxe5 Nf4 11. Bf1 Bh6 12. g3 Ne6 13. Qa4+ Kf8 14. f4 f6 15. Ng4 Bg7 16. Ne3 Nc7 17. Bg2 e6 18. h4 Kf7 19. h5 Re8 20. hxg6+ hxg6 21. 0-0-0 Bd7 22. Qc2 Rh8 23. Rxh8 Qxh8 24. Rh1 Qg8 25. g4 Bf8 26. f5 gxf5 27. gxf5 Qg5 28. fxe6+ Bxe6 29. Ndf1 Re8 30. Bf3 Rc8 31. Kb1 Bg7 32. Qh2 Qg6+ 33. Ka1 Qd3 34. Be2 Qe4 35. Rg1 Nb5 36. Bh5+ Kf8 37. Bd1 Nxd4 38. Qg3 Bh6 39. Qd6+ 1-0

[Event "GBR-ch Major 106th"]
[Site "Torquay"]
[Date "2019.08.01"]
[Round "6"]
[White "Hagesaether, Arne"]
[Black "Clarke, Brandon GI"]
[Result "0-1"]
[WhiteElo "2046"]
[BlackElo "2433"]
[PlyCount "64"]
[EventDate "2019.07.27"]
[EventType "swiss"]
[EventRounds "9"]
[EventCountry "ENG"]
[SourceTitle "EXT 2020"]
[Source "ChessBase"]
[SourceDate "2019.10.17"]
[SourceVersion "1"]
[SourceVersionDate "2019.10.17"]
[SourceQuality "1"]

1. d4 Nf6 2. Nf3 g6 3. g3 Bg7 4. Bg2 0-0 5. 0-0 d6 6. a4 Na6 7. Re1 d5 8. h3 c5 9. Be3 Ne4 10. Nbd2 Nd6 11. Nb3 Nc4 12. Bg5 h6 13. Bc1 cxd4 14. Nfxd4 e5 15. Nb5 e4 16. c3 Re8 17. Nd2 Ne5 18. Nf1 Nb8 19. Ne3 a6 20. Nd4 Nbc6 21. Qb3 Be6 22. Nxe6 fxe6 23. Rd1 Qc7 24. Nxd5 exd5 25. Qxd5+ Nf7 26. Bf4 Qe7 27. h4 h5 28. Bh3 Kh7 29. Rac1 Rad8 30. Qb3 Bh6 31. Rxd8 Rxd8 32. Be6 Bxf4 0-1

[Event "GBR-ch Major 106th"]
[Site "Torquay"]
[Date "2019.07.29"]
[Round "3"]
[White "Hagesaether, Arne"]
[Black "Graham, David Bruce"]
[Result "1-0"]
[WhiteElo "2046"]
[BlackElo "2162"]
[PlyCount "73"]
[EventDate "2019.07.27"]
[EventType "swiss"]
[EventRounds "9"]
[EventCountry "ENG"]
[SourceTitle "EXT 2020"]
[Source "ChessBase"]
[SourceDate "2019.10.17"]
[SourceVersion "1"]
[SourceVersionDate "2019.10.17"]
[SourceQuality "1"]

1. d4 Nf6 2. c4 g6 3. Nc3 Bg7 4. Nf3 d6 5. e4 0-0 6. h3 e5 7. d5 c6 8. Be3 cxd5 9. cxd5 Na6 10. g4 Nc5 11. Nd2 a5 12. Be2 Ne8 13. a3 f5 14. Qc2 Bd7 15. 0-0-0 Rc8 16. Kb1 Na4 17. f3 b5 18. Qb3 Nc5 19. Bxc5 Rxc5 20. h4 fxg4 21. fxg4 Rf2 22. g5 Qc8 23. Rc1 Nc7 24. Qd1 b4 25. Nb3 bxc3 26. Nxc5 dxc5 27. Rxc3 Nb5 28. Bxb5 Bxb5 29. Qb3 Qa6 30. Rxc5 Bd3+ 31. Ka1 a4 32. Qb8+ Rf8 33. Qb4 Qd6 34. Rhc1 Qd7 35. Rc7 Rf1 36. Qb8+ Bf8 37. Rxf1 1-0

[Event "Gibraltar Masters 14th"]
[Site "Caleta"]
[Date "2016.01.31"]
[Round "6"]
[White "Heinemann, Josefine"]
[Black "Hagesaether, Arne"]
[Result "1-0"]
[WhiteElo "2233"]
[BlackElo "2086"]
[PlyCount "61"]
[EventDate "2016.01.26"]
[EventType "swiss"]
[EventRounds "10"]
[EventCountry "GGB"]
[SourceTitle "CBM 171"]
[Source "ChessBase"]
[SourceDate "2016.03.14"]
[SourceVersion "2"]
[SourceVersionDate "2016.03.14"]
[SourceQuality "1"]

1. e4 c6 2. d4 d5 3. Nd2 dxe4 4. Nxe4 Bf5 5. Ng3 Bg6 6. h4 h6 7. Nf3 Nd7 8. h5 Bh7 9. Bd3 Bxd3 10. Qxd3 e6 11. Bd2 Ngf6 12. 0-0-0 Bd6 13. Ne4 Bc7 14. Kb1 Qe7 15. c4 0-0-0 16. a3 c5 17. Qe2 Nxe4 18. Qxe4 Nf6 19. Qe2 cxd4 20. Bb4 Bd6 21. c5 Bf4 22. c6 Qc7 23. g3 d3 24. Rxd3 Rxd3 25. Qxd3 Rd8 26. Qb5 Bd6 27. Rc1 Kb8 28. Nd4 b6 29. Qa6 Bc5 30. Bxc5 bxc5 31. Nb5 1-0

[Event "Gibraltar Masters 14th"]
[Site "Caleta"]
[Date "2016.01.28"]
[Round "3"]
[White "Hagesaether, Arne"]
[Black "Schimmer, Michael"]
[Result "1-0"]
[WhiteElo "2086"]
[BlackElo "1782"]
[PlyCount "63"]
[EventDate "2016.01.26"]
[EventType "swiss"]
[EventRounds "10"]
[EventCountry "GGB"]
[SourceTitle "CBM 171"]
[Source "ChessBase"]
[SourceDate "2016.03.14"]
[SourceVersion "2"]
[SourceVersionDate "2016.03.14"]
[SourceQuality "1"]

1. e4 d6 2. d4 Nf6 3. Nc3 g6 4. f4 Bg7 5. Nf3 c5 6. Bb5+ Bd7 7. e5 Ng4 8. Bxd7+ Qxd7 9. h3 cxd4 10. Qxd4 Nh6 11. g4 0-0 12. Be3 f5 13. 0-0-0 Kh8 14. Ng5 Nc6 15. Qd5 Nd8 16. exd6 e6 17. Qb5 Nc6 18. Ne2 a6 19. Qb6 Rac8 20. Qb3 Rfe8 21. Bb6 e5 22. gxf5 gxf5 23. Rhg1 Nd8 24. Nf3 Nhf7 25. fxe5 Nxe5 26. Rxg7 Kxg7 27. Nxe5 Rxe5 28. Qg3+ Kf6 29. Bd4 Nc6 30. Qh4+ Kf7 31. Qxh7+ Ke8 32. Qg8# 1-0

[Event "Gibraltar Masters 14th"]
[Site "Caleta"]
[Date "2016.01.27"]
[Round "2"]
[White "Kharous, Ernest"]
[Black "Hagesaether, Arne"]
[Result "1-0"]
[WhiteElo "2314"]
[BlackElo "2086"]
[PlyCount "77"]
[EventDate "2016.01.26"]
[EventType "swiss"]
[EventRounds "10"]
[EventCountry "GGB"]
[SourceTitle "CBM 171"]
[Source "ChessBase"]
[SourceDate "2016.03.14"]
[SourceVersion "2"]
[SourceVersionDate "2016.03.14"]
[SourceQuality "1"]

1. e4 c6 2. d4 d5 3. e5 c5 4. dxc5 e6 5. Nf3 Nd7 6. Bb5 Bxc5 7. 0-0 Ne7 8. a3 a6 9. Bd3 Nc6 10. b4 Be7 11. Bb2 Qc7 12. Qe2 b5 13. Nbd2 Nb6 14. Nb3 Bd7 15. Nbd4 Nc4 16. Nxc6 Bxc6 17. Bd4 Bd7 18. Nd2 0-0 19. Nb3 Rfc8 20. f4 g6 21. g4 a5 22. c3 axb4 23. axb4 Qd8 24. f5 Rxa1 25. Rxa1 Ra8 26. Rf1 Bf8 27. Qf3 Be8 28. fxe6 Qe7 29. exf7+ Bxf7 30. Qf6 Ra2 31. e6 Qxf6 32. Rxf6 Be8 33. Nc5 Bd6 34. h4 Nd2 35. Nd7 Be7 36. Rf8+ Bxf8 37. Nf6+ Kg7 38. Nxe8+ Kh6 39. Be3+ 1-0

[Event "Gibraltar Masters 14th"]
[Site "Caleta"]
[Date "2016.01.26"]
[Round "1"]
[White "Hagesaether, Arne"]
[Black "Kelires, Andreas"]
[Result "0-1"]
[WhiteElo "2086"]
[BlackElo "2444"]
[PlyCount "118"]
[EventDate "2016.01.26"]
[EventType "swiss"]
[EventRounds "10"]
[EventCountry "GGB"]
[SourceTitle "CBM 171"]
[Source "ChessBase"]
[SourceDate "2016.03.14"]
[SourceVersion "2"]
[SourceVersionDate "2016.03.14"]
[SourceQuality "1"]

1. e4 c5 2. Nf3 d6 3. Bb5+ Nd7 4. d4 cxd4 5. Qxd4 a6 6. Bxd7+ Bxd7 7. c4 e5 8. Qd3 b5 9. Nc3 bxc4 10. Qxc4 Qc8 11. Qd3 Qb7 12. 0-0 h6 13. Nd2 Bb5 14. Nc4 Bxc4 15. Qxc4 Nf6 16. Rd1 Be7 17. Qa4+ Qd7 18. Qxd7+ Kxd7 19. f4 Ke6 20. g3 Rab8 21. b3 Rhc8 22. Bb2 Bd8 23. f5+ Kd7 24. Nd5 Nxe4 25. Bxe5 dxe5 26. Nf6+ Ke7 27. Nxe4 Rb4 28. Nd6 Bb6+ 29. Kh1 Rc2 30. Rd5 Bd4 31. Rf1 f6 32. Re1 Rxa2 33. Rc1 Ra1 34. Nc8+ Ke8 35. Nd6+ Kf8 36. Rxa1 Bxa1 37. Ra5 Bd4 38. Rxa6 Rxb3 39. Kg2 Ke7 40. g4 Kd7 41. Ne4 Rb2+ 42. Kg3 Re2 43. Nxf6+ gxf6 44. Rxf6 e4 45. Re6 Bc5 46. h3 Bd6+ 47. Kh4 Bf4 48. Kh5 e3 49. Re4 Rf2 50. h4 e2 51. f6 Bd2 52. g5 hxg5 53. hxg5 e1Q 54. Rxe1 Bxe1 55. g6 Ke6 56. f7 Bd2 57. f8Q Rxf8 58. g7 Rg8 59. Kg6 Bc3 0-1

[Event "London Classic op 7th"]
[Site "London"]
[Date "2015.12.05"]
[Round "3"]
[White "Hagesaether, Arne"]
[Black "Haussernot, Cecile"]
[Result "1-0"]
[WhiteElo "2055"]
[BlackElo "2242"]
[PlyCount "59"]
[EventDate "2015.12.04"]
[EventType "swiss"]
[EventRounds "9"]
[EventCountry "ENG"]
[SourceTitle "CBM 169 Extra"]
[Source "ChessBase"]
[SourceDate "2015.12.18"]
[SourceVersion "1"]
[SourceVersionDate "2015.12.18"]
[SourceQuality "1"]

1. e4 c5 2. Nf3 d6 3. Bb5+ Nd7 4. 0-0 a6 5. Bxd7+ Bxd7 6. e5 Bg4 7. h3 Bh5 8. Re1 e6 9. c4 Qd7 10. d4 cxd4 11. g4 Bg6 12. Qxd4 Qc6 13. Nbd2 Rd8 14. b3 h5 15. g5 d5 16. Qf4 dxc4 17. Nxc4 b5 18. Nd6+ Rxd6 19. exd6 Bxd6 20. Ne5 Qc7 21. Qd4 Ne7 22. Bf4 Nf5 23. Qe4 0-0 24. Rac1 Qd8 25. Nxg6 fxg6 26. Qxe6+ Kh7 27. Rcd1 Qb6 28. Rxd6 Nxd6 29. Qxd6 Qa5 30. b4 1-0

[Event "BCF-chT1d 1415 (4NCL) Demotion pool"]
[Site "England"]
[Date "2015.05.04"]
[Round "11.157"]
[White "Hagesaether, Arne"]
[Black "Robertson, J Stuart"]
[Result "1-0"]
[WhiteElo "2055"]
[BlackElo "2094"]
[PlyCount "67"]
[EventDate "2014.11.15"]
[EventType "team-tourn"]
[EventRounds "4"]
[EventCountry "ENG"]
[SourceTitle "EXT 2023"]
[Source "ChessBase"]
[SourceDate "2022.10.05"]
[SourceVersion "1"]
[SourceVersionDate "2022.10.05"]
[SourceQuality "1"]
[WhiteTeam "Wood Green"]
[BlackTeam "Cambridge"]
[WhiteTeamCountry "ENG"]
[BlackTeamCountry "ENG"]

1. e4 c5 2. Nf3 Nc6 3. Bb5 d6 4. Bxc6+ bxc6 5. 0-0 Bg4 6. h3 Bh5 7. e5 d5 8. e6 fxe6 9. Re1 Bxf3 10. Qxf3 Nf6 11. Rxe6 Qd7 12. Re2 e6 13. d3 Bd6 14. Bf4 0-0 15. Bxd6 Qxd6 16. Nd2 Nd7 17. Qe3 Rae8 18. Rae1 e5 19. Qg3 Rf6 20. Nf3 Rg6 21. Qh2 Rge6 22. b3 Qe7 23. a4 Qf6 24. Nd2 Rf8 25. Nf3 Rfe8 26. Qg3 h6 27. Nh2 Qf5 28. Ng4 a6 29. f4 h5 30. Nxe5 g5 31. Qf2 gxf4 32. Nxc6 f3 33. Rxe6 Rxe6 34. Ne7+ 1-0

[Event "Bergens Spring A"]
[Site "Bergen"]
[Date "2015.03.31"]
[Round "4"]
[White "Skoien, Havard"]
[Black "Hagesaether, Arne"]
[Result "1/2-1/2"]
[WhiteElo "2045"]
[BlackElo "2050"]
[PlyCount "38"]
[EventDate "2015.01.20"]
[EventType "tourn"]
[EventRounds "7"]
[EventCountry "NOR"]
[SourceTitle "EXT 2024"]
[Source "ChessBase"]
[SourceDate "2023.10.10"]
[SourceVersion "1"]
[SourceVersionDate "2023.10.10"]
[SourceQuality "1"]

1. Nf3 Nf6 2. c4 e6 3. Nc3 Bb4 4. g3 b6 5. Bg2 0-0 6. 0-0 Ba6 7. Qb3 Qe7 8. a3 Bxc3 9. Qxc3 d5 10. d3 h6 11. Ne5 c5 12. b4 Nbd7 13. Nxd7 Qxd7 14. bxc5 Rac8 15. cxb6 axb6 16. Qe5 dxc4 17. dxc4 Rxc4 18. Bxh6 Rc5 19. Qb2 Rb5 1/2-1/2

[Event "Jersey op"]
[Site "St Clement Bay"]
[Date "2015.03.17"]
[Round "4"]
[White "Hagesaether, Arne"]
[Black "Wojciechowski, Paul"]
[Result "0-1"]
[WhiteElo "2072"]
[BlackElo "2018"]
[PlyCount "54"]
[EventDate "2015.03.15"]
[EventType "swiss"]
[EventRounds "9"]
[EventCountry "GCI"]
[SourceTitle "CBM 165 Extra"]
[Source "ChessBase"]
[SourceDate "2015.04.21"]
[SourceVersion "1"]
[SourceVersionDate "2015.04.21"]
[SourceQuality "1"]

1. e4 c5 2. Nf3 d6 3. Bb5+ Bd7 4. Bxd7+ Qxd7 5. c4 Nc6 6. Nc3 g6 7. d4 cxd4 8. Nxd4 Bg7 9. Nde2 Nf6 10. 0-0 Rc8 11. f3 0-0 12. Rb1 Rfd8 13. Bg5 h6 14. Be3 Kh7 15. Qd2 b6 16. Rfd1 Qb7 17. Nd5 Nxd5 18. cxd5 Ne5 19. b3 Nd7 20. Bd4 Bxd4+ 21. Nxd4 Nb8 22. h4 b5 23. h5 g5 24. Qd3 b4 25. e5+ Kh8 26. Nf5 dxe5 27. Nxh6 Qb6+ 0-1

[Event "Jersey op"]
[Site "St Clement Bay"]
[Date "2015.03.15"]
[Round "1"]
[White "Fodor, Tamas Jr"]
[Black "Hagesaether, Arne"]
[Result "1-0"]
[WhiteElo "2491"]
[BlackElo "2072"]
[PlyCount "72"]
[EventDate "2015.03.15"]
[EventType "swiss"]
[EventRounds "9"]
[EventCountry "GCI"]
[SourceTitle "CBM 165 Extra"]
[Source "ChessBase"]
[SourceDate "2015.04.21"]
[SourceVersion "1"]
[SourceVersionDate "2015.04.21"]
[SourceQuality "1"]

1. d4 Nf6 2. c4 e6 3. Nc3 Bb4 4. Qc2 0-0 5. e4 d5 6. e5 Ne4 7. Bd3 c5 8. Nf3 cxd4 9. Nxd4 Nd7 10. Bf4 Qb6 11. Nb3 Qc7 12. Bxe4 dxe4 13. Qxe4 Bxc3+ 14. bxc3 b6 15. Qxa8 Bb7 16. Qxa7 Ra8 17. Qxa8+ Bxa8 18. 0-0-0 f6 19. f3 Qxc4 20. Rxd7 Qxf4+ 21. Kb2 Bd5 22. exf6 gxf6 23. Rc1 Qxh2 24. c4 Bxf3 25. c5 Bc6 26. Rd8+ Kf7 27. cxb6 Bxg2 28. Ka3 f5 29. Rc2 Qg1 30. Rd7+ Kf6 31. Rxg2 Qxg2 32. b7 Qg8 33. Nc5 Ke5 34. Rc7 Kd6 35. Rc8 Qg3+ 36. Nb3 Kd5 1-0

[Event "Politiken Cup 36th"]
[Site "Helsingor"]
[Date "2014.07.29"]
[Round "10"]
[White "Hagesaether, Arne"]
[Black "Jogvansson, Hjalti Toftum"]
[Result "1-0"]
[WhiteElo "2145"]
[BlackElo "1944"]
[PlyCount "51"]
[EventDate "2014.07.21"]
[EventType "swiss"]
[EventRounds "10"]
[EventCountry "DEN"]
[SourceTitle "CBM 161 Extra"]
[Source "ChessBase"]
[SourceDate "2014.08.29"]
[SourceVersion "1"]
[SourceVersionDate "2014.08.29"]
[SourceQuality "1"]

1. e4 d5 2. exd5 Qxd5 3. Nf3 Nf6 4. Be2 b6 5. d4 Bb7 6. c4 Qd8 7. Nc3 e6 8. 0-0 Be7 9. Qc2 0-0 10. Rd1 Qc8 11. Bg5 Rd8 12. Rd2 h6 13. Bh4 c5 14. Rad1 cxd4 15. Nxd4 Nc6 16. Ndb5 Rxd2 17. Qxd2 Ne5 18. Nd6 Bxd6 19. Qxd6 Nxc4 20. Qd4 b5 21. Bxf6 gxf6 22. Qxf6 Nxb2 23. Rd4 Qf8 24. Rg4+ Kh7 25. Nd1 h5 26. Rg5 1-0

[Event "Politiken Cup 36th"]
[Site "Helsingor"]
[Date "2014.07.27"]
[Round "8"]
[White "Hagesaether, Arne"]
[Black "Westerlund, Ola"]
[Result "1/2-1/2"]
[WhiteElo "2145"]
[BlackElo "1817"]
[PlyCount "85"]
[EventDate "2014.07.21"]
[EventType "swiss"]
[EventRounds "10"]
[EventCountry "DEN"]
[SourceTitle "CBM 161 Extra"]
[Source "ChessBase"]
[SourceDate "2014.08.29"]
[SourceVersion "1"]
[SourceVersionDate "2014.08.29"]
[SourceQuality "1"]

1. e4 d6 2. d4 Nf6 3. Nc3 g6 4. g3 Bg7 5. Bg2 0-0 6. h3 c6 7. a4 e5 8. Nge2 Re8 9. 0-0 Qc7 10. Be3 b6 11. Qd2 Bb7 12. Rad1 a6 13. dxe5 dxe5 14. g4 Nfd7 15. Ng3 b5 16. Bh6 b4 17. Nce2 a5 18. Bxg7 Kxg7 19. Rfe1 Nc5 20. Qg5 Ne6 21. Nh5+ Kh8 22. Qf6+ Kg8 23. Nhg3 Nd7 24. Qf3 Ndc5 25. b3 Rad8 26. h4 Rxd1 27. Rxd1 Rd8 28. Rc1 Qe7 29. g5 Nd4 30. Nxd4 Rxd4 31. Qe3 Qd6 32. Bf1 Ba6 33. c3 bxc3 34. Qxc3 Bxf1 35. Qxc5 Bh3 36. Qxd6 Rxd6 37. Rc5 Be6 38. h5 h6 39. Rxe5 Bxb3 40. Rxa5 hxg5 41. hxg6 fxg6 42. Ra7 c5 43. f3 1/2-1/2

[Event "Politiken Cup 36th"]
[Site "Helsingor"]
[Date "2014.07.25"]
[Round "6"]
[White "Hagesaether, Arne"]
[Black "Bjorn, Lasse E"]
[Result "1-0"]
[WhiteElo "2145"]
[BlackElo "1910"]
[PlyCount "35"]
[EventDate "2014.07.21"]
[EventType "swiss"]
[EventRounds "10"]
[EventCountry "DEN"]
[SourceTitle "CBM 161 Extra"]
[Source "ChessBase"]
[SourceDate "2014.08.29"]
[SourceVersion "1"]
[SourceVersionDate "2014.08.29"]
[SourceQuality "1"]

1. e4 e5 2. f4 exf4 3. Nf3 g5 4. Nc3 g4 5. Ne5 Qh4+ 6. g3 fxg3 7. Qxg4 g2+ 8. Qxh4 gxh1Q 9. Qh5 Be7 10. Qxf7+ Kd8 11. Qf4 Nc6 12. Nf7+ Ke8 13. Nxh8 Bf6 14. Nd5 Nd4 15. Nxf6+ Nxf6 16. Qxf6 Qxe4+ 17. Kf2 Nxc2 18. Qf7+ 1-0

[Event "Fagernes Norsk op-A"]
[Site "Fagernes"]
[Date "2014.04.20"]
[Round "9"]
[White "Djurhuus, Eivind X"]
[Black "Hagesaether, Arne"]
[Result "1/2-1/2"]
[WhiteElo "1977"]
[BlackElo "2143"]
[PlyCount "54"]
[EventDate "2014.04.13"]
[EventType "swiss"]
[EventRounds "9"]
[EventCountry "NOR"]
[SourceTitle "CBM 159 Extra"]
[Source "ChessBase"]
[SourceDate "2014.04.24"]
[SourceVersion "1"]
[SourceVersionDate "2014.04.24"]
[SourceQuality "1"]

1. c4 b6 2. Nc3 e6 3. e4 Bb7 4. g3 f5 5. d3 Bb4 6. Bg2 Nf6 7. Nge2 0-0 8. 0-0 Ne8 9. a3 Be7 10. d4 c5 11. d5 fxe4 12. dxe6 Nd6 13. exd7 Nxd7 14. Nf4 Ne5 15. Ne6 Qd7 16. Nxf8 Rxf8 17. Nd5 Kh8 18. b3 Nf3+ 19. Kh1 Bf6 20. Rb1 Bd4 21. Be3 Rf5 22. Bh3 Bxd5 23. cxd5 Qf7 24. Bxf5 Qxf5 25. Kg2 Qg4 26. h3 Nh4+ 27. Kh2 Nf3+ 1/2-1/2

[Event "Fagernes Norsk op-A"]
[Site "Fagernes"]
[Date "2014.04.16"]
[Round "6"]
[White "Hagesaether, Arne"]
[Black "Loberg, Jo Kristian"]
[Result "0-1"]
[WhiteElo "2143"]
[BlackElo "2039"]
[PlyCount "52"]
[EventDate "2014.04.13"]
[EventType "swiss"]
[EventRounds "9"]
[EventCountry "NOR"]
[SourceTitle "CBM 159 Extra"]
[Source "ChessBase"]
[SourceDate "2014.04.24"]
[SourceVersion "1"]
[SourceVersionDate "2014.04.24"]
[SourceQuality "1"]

1. e4 c5 2. Nf3 d6 3. c3 Nf6 4. Be2 Nc6 5. d4 cxd4 6. cxd4 Nxe4 7. d5 Qa5+ 8. Nc3 Nxc3 9. bxc3 Ne5 10. Nxe5 dxe5 11. 0-0 e6 12. dxe6 Bxe6 13. Rb1 Bc5 14. Bb5+ Ke7 15. Qh5 f6 16. Bd3 b6 17. Rd1 Rad8 18. Qe2 Qxc3 19. Bb2 Qa5 20. Rbc1 Rd6 21. Bc3 Qxa2 22. Rd2 Qa4 23. Kh1 Rhd8 24. Bxh7 Rxd2 25. Bxd2 Qh4 26. Bg6 Qxf2 0-1

[Event "Bergens Spring A"]
[Site "Bergen"]
[Date "2014.03.25"]
[Round "5"]
[White "Hagesaether, Arne"]
[Black "Haldorsen, Benjamin"]
[Result "1-0"]
[WhiteElo "2079"]
[BlackElo "1996"]
[PlyCount "79"]
[EventDate "2014.01.21"]
[EventType "tourn"]
[EventRounds "5"]
[EventCountry "NOR"]
[SourceTitle "EXT 2024"]
[Source "ChessBase"]
[SourceDate "2023.10.10"]
[SourceVersion "1"]
[SourceVersionDate "2023.10.10"]
[SourceQuality "1"]

1. e4 e5 2. Nf3 Nc6 3. Bc4 Bc5 4. b4 Bxb4 5. c3 Be7 6. d4 Bf6 7. dxe5 Bxe5 8. Bxf7+ Kxf7 9. Qd5+ Kf8 10. Nxe5 Nxe5 11. Qxe5 d6 12. Bg5 Qe8 13. Qf4+ Qf7 14. Qe3 Nf6 15. 0-0 Ng4 16. Qg3 Kg8 17. Nd2 h6 18. Bf4 Kh7 19. h3 Nf6 20. Qd3 Qg6 21. Rae1 Rf8 22. Re3 Nh5 23. Bh2 Bd7 24. f4 Bc6 25. f5 Qf7 26. f6 Kh8 27. fxg7+ Qxg7 28. Qe2 Rxf1+ 29. Nxf1 Rg8 30. Ng3 Nf4 31. Qf3 Qg5 32. h4 Qg4 33. Qf1 d5 34. Rf3 Nh5 35. Nxh5 Qxh5 36. Rf7 Rxg2+ 37. Kxg2 Qg6+ 38. Bg3 Qxe4+ 39. Kh2 Qc2+ 40. Kh3 1-0

[Event "BCF-chT1a 1314 (4NCL)"]
[Site "England"]
[Date "2014.02.15"]
[Round "5.148"]
[White "Hagesaether, Arne"]
[Black "Batchelor, Peter"]
[Result "0-1"]
[WhiteElo "2136"]
[BlackElo "2129"]
[PlyCount "74"]
[EventDate "2013.11.16"]
[EventType "team-tourn"]
[EventRounds "7"]
[EventCountry "ENG"]
[SourceTitle "EXT 2015"]
[Source "ChessBase"]
[SourceDate "2014.11.20"]
[SourceVersion "1"]
[SourceVersionDate "2014.11.20"]
[SourceQuality "1"]
[WhiteTeam "Wood Green Hilsmark II"]
[BlackTeam "Grantham Sharks"]
[WhiteTeamCountry "ENG"]
[BlackTeamCountry "ENG"]

1. e4 c6 2. d4 d5 3. Nc3 dxe4 4. Nxe4 Bf5 5. Ng3 Bg6 6. h4 h6 7. Nf3 Nd7 8. h5 Bh7 9. Bd3 Bxd3 10. Qxd3 e6 11. Bd2 Ngf6 12. 0-0-0 Be7 13. Kb1 0-0 14. Rhe1 c5 15. Bc1 Re8 16. c4 cxd4 17. Nxd4 Qb6 18. f3 Rad8 19. Nf1 Nxh5 20. g4 Nhf6 21. g5 hxg5 22. Bxg5 Nf8 23. Re2 Rd7 24. Ne3 e5 25. Nef5 Ng6 26. f4 exd4 27. Rh1 Kf8 28. Qh3 Qc6 29. Bxf6 Qxh1+ 30. Qxh1 Bxf6 31. Rh2 Kg8 32. Qf1 d3 33. Kc1 Re4 34. b3 Bc3 35. Kd1 Nxf4 36. Rf2 d2 37. Rxf4 Re1+ 0-1

[Event "Gibraltar Masters 12th"]
[Site "Caleta"]
[Date "2014.02.05"]
[Round "9"]
[White "Jorgensen, Lars"]
[Black "Hagesaether, Arne"]
[Result "1/2-1/2"]
[WhiteElo "1925"]
[BlackElo "2126"]
[PlyCount "60"]
[EventDate "2014.01.28"]
[EventType "swiss"]
[EventRounds "10"]
[EventCountry "GGB"]
[SourceTitle "CBM 159"]
[Source "ChessBase"]
[SourceDate "2014.03.17"]
[SourceVersion "1"]
[SourceVersionDate "2014.03.17"]
[SourceQuality "1"]

1. d4 Nf6 2. Nf3 e6 3. Bg5 d5 4. e3 c5 5. Nbd2 Nc6 6. c3 Be7 7. Bd3 h6 8. Bh4 b6 9. 0-0 a5 10. Ne5 Nxe5 11. dxe5 Nd7 12. Bxe7 Qxe7 13. f4 Ba6 14. Bxa6 Rxa6 15. c4 dxc4 16. Nxc4 0-0 17. a4 f6 18. exf6 Nxf6 19. Qe2 Nd5 20. g3 Nb4 21. Ne5 Rc8 22. Qc4 Ra7 23. Qe4 Qf6 24. Rad1 Rd8 25. Ng4 Qe7 26. Rxd8+ Qxd8 27. Qxe6+ Kh8 28. Ne5 Qd2 29. Ng6+ Kh7 30. Nf8+ Kh8 1/2-1/2